16 Little Christmas Pictograms Quiz Stats

 Plays Quiz Updated Dec 13, 2018

Support Sporcle.
Go Orange.
Score 0/16 Timer 06:00
3 Plays Today
Hint Answer % Correct
Turtle Dove
96.8%
North Pole
91.4%
Noel
84.9%
Nutcracker
84%
Wise Men
82.3%
Santa Claus
80.5%
Boxing Day
79.8%
Candy Cane
79.6%
Hint Answer % Correct
Mistletoe
77%
Saint Nicholas
76.1%
Frankincense
75.8%
Gingerbread Man
66.6%
Rudolph
65.6%
Myrrh
64.2%
Icicle
62.4%
Chimney
61.7%

From the Vault

Double C Words

by caramba

Stat! Give yourself 20 cc's, be a cool cat, and have some success with this little quiz.
Remove Ads.
Support Sporcle.
Get the best of Sporcle when you Go Orange. This ad-free experience offers more features, more stats, and more fun while also helping to support Sporcle. Thank you for becoming a member.

Show Comments

Extras

Top Quizzes Today


Score Distribution

Your Account Isn't Verified!

In order to create a playlist on Sporcle, you need to verify the email address you used during registration. Go to your Sporcle Settings to finish the process.

Report this User

Report this user for behavior that violates our Community Guidelines.

Details: